[Event "Ciudad de Pamplona"]
[Site "?"]
[Date "2004.12.22"]
[Round "1"]
[White "De la Riva Aguado, Oscar"]
[Black "Vaganian, Rafael A"]
[Result "1-0"]
[WhiteElo "2528"]
[BlackElo "2640"]
[Annotator "De la Riva, O"]
[PlyCount "73"]
[EventDate "2003.04.25"]
[Source "EDAMI"]
[SourceDate "2006.12.20"]

{Probablemente esta fue la partida más difícil del torneo, a pesar de que
aparentemente mi victoria fue cómoda. Se produjo en la primera ronda y tenía
ganas de realizar una buena partida para convencerme de que podría presentar
una dura lucha con el resto de jugadores. Lo cierto es que empezar con una
victoria me ayudó mucho para poder jugar más relajado en las partidas
posteriores.} 1. e4 e6 2. d4 d5 3. Nc3 Bb4 4. e5 c5 5. a3 Ba5 {Planteando la
variante "Armenia" favorita de Vaganian y también de Lputian. De hecho en mi
preparación previa esperaba esta jugada ya que mi rival conoce muy bien la
posición negra y tras consultar la base de datos quedaba claro que le tiene
una confianza ciega.} 6. b4 cxd4 7. Qg4 Ne7 8. bxa5 dxc3 9. Qxg7 Rg8 10. Qxh7
Nbc6 11. Nf3 Qc7 12. Bf4 {Tras esta secuencia de jugadas, más o menos forzadas,
se alcanza la posición principal del sistema negro. Mi "ex-compañero" de club
Alfonso Jerez me había comentado lo mucho que sufrió con Javier Moreno en el
Campeonato de España por Equipos, así que tras analizar las partidas críticas
decidí meterme de lleno en todo el follón...} Qxa5 $5 $146 {Y justo aquí llega
la novedad de Vaganian. No es que la jugada sea muy original, pero en este
orden de jugadas no se había jugado. Como curiosidad (y para que veamos lo
informatizado que está el ajedrez) el día siguiente (23 de diciembre) se jugó
una partida por internet entre Fressinet y Lputian, el otro experto de la
variante, que utilizó la misma novedad que su compañero de selección.} (12...
Bd7 13. a6 $5 {Es la variante crítica. Los dos últimos ejemplos no parecen muy
satisfactorios para las negras.} O-O-O {Puede que sea más sólida b6, pero
entonces las negras no recuperan el peón y minimizan sus opciones de
contrajuego.} 14. axb7+ Kb8 15. Qd3 Rg4 (15... d4 16. Bg3 Nf5 17. Qc4 Nce7 18.
Rb1 Bc6 19. Bd3 Bxb7 20. Qxc7+ Kxc7 21. Ke2 $16 {
Moreno Carnero,J-Jerez Perez,A Sanxenxo ESP 2004}) 16. g3 Ng6 17. Qxc3 Nxf4 18.
h3 $1 Nxh3 19. Rxh3 Nxe5 20. Qxc7+ Kxc7 21. Nxe5 Re4+ 22. Kd2 Rxe5 23. Bd3 $16
{Llegando a un final muy ventajoso para las blancas. Volokitin,A-Lputian,S
Calvia ESP 2004}) 13. Bd3 {Realizada tras una larga reflexión. Lo cierto es
que existen otras alternativas interesantes pero en la partida me pareció lo
más razonable.} (13. Rb1 $5 {Fue la jugada que realizó el francés Fressinet.}
Bd7 (13... Qxa3 $5 {Sería la alternativa a analizar.}) 14. Ng5 Nxe5 15. h4 Qc7
16. Rh3 Rf8 17. Qg7 N7g6 18. Nh7 Rh8 19. Nf6+ Ke7 20. Bg5 Kd6 21. h5 Ne7 22.
Bf4 N7c6 23. Bb5 {1-0 Fressinet,L-Lputian,S ICC Internet 2004}) (13. Ng5 {
Sabía que existía esta jugada en una posición similar pero la presencia del B
en f4 me perjudica.} Rf8 14. Bd3 ({Si} 14. Qh5 {para Nh7-f6} Qa4 $1 $15 {
Esta es la clave de la idea negra. Es curioso señalar que si el alfil blanco
estuviera en c1 (lo que se produciría si las negras hubieran capturado en a5
sin intercalar Qc7) las blancas podrían jugar Nh7 con ventaja.}) 14... Nb4 15.
O-O Nxd3 16. Qxd3 b6 $13) (13. h4 $5 {Puede ser otra opción.}) 13... Nb4 {
Jugada con rapidez y está claro que es el complemento lógico de la captura
anterior.} (13... Bd7 {
Traspondría a una posición que no es aconsejable para las negras.} 14. O-O
O-O-O 15. Bg5 $1 {La clave. Las blancas salen con ventaja.} Rh8 16. Qg7 Rdg8
17. Qf6 d4 18. Qf4 Nd5 19. Qe4 $14 {Hazai,L-Raaste,E  Helsinki 1989}) 14. O-O (
14. Bg5 Nxd3+ 15. Qxd3 b6 $132) 14... Nxd3 15. Qxd3 b6 16. Rfb1 $1 {Necesaria p
ara evitar las maniobras relacionadas con el paso de la dama negra por a4 al
habilitar Rb4.} (16. Qh7 Qa4 $1 17. Bg3 Ba6 18. Rfb1 Qe4 $15) 16... Ng6 $2 {
Tras una ligera reflexión Vaganian comete un grave error que le deja en una
posición sin perspectivas. Las negras tenían que jugar Rg4 con una posición
muy compleja.} (16... Ba6 17. Qh7 $14) (16... Rg4 $1 17. Rb4 $5 {Valoré el sacr
ificio de calidad en la partida aunque lo cierto es que no se si finalmente lo
habría realizado. De todos modos vistas las alternativas puede que sea la
mejor opción ya que en otro caso las negras obtienen una fuerte iniciativa.} (
17. Bg3 Nf5 {seguido de Ba6 con ligera ventaja negra.}) (17. g3 Ng6 $15) (17.
Bg5 Nf5 {
Y las negras disponen de un buen juego gracias a las jugadas Ba6, d4 y Re4.}) (
17. Be3 Nf5 18. Nd4 (18. Bd4 Ba6 19. Qd1 Re4 $17) 18... Ba6 19. Qd1 Nxe3 20.
fxe3 Rg5 $15) 17... Nc6 18. Qxc3 Nxb4 (18... Bb7 19. Nd4 $1 Qc5 20. Qf3 $1 $14)
19. axb4 Qb5 20. Nd4 Qc4 21. Qxc4 dxc4 22. g3 $44 {Con una posición difícil de
evaluar pero donde creo que las blancas tienen una compensación razonable por
la calidad.}) 17. Bg5 $1 {Tácticamente funciona y el alfil se coloca en f6 lo
que colapsa la posición negra.} Ba6 (17... Nxe5 $2 18. Nxe5 Rxg5 19. Qh7 $1
Rxe5 (19... Rf5 $4 20. Qh8+ Ke7 21. Nc6+ $18) 20. Qh8+ Ke7 21. Qxe5 $16) 18.
Qe3 Rc8 19. Rb4 {La torre se prepara para "el cambio" por su homónima negra.
Este movimiento es importante ya que la torre de c8 es la única pieza activa
que disponen las negras.} Rc4 20. Rxc4 Bxc4 21. h4 $16 {Puede parecre muy
exagerado decir que la posición negra es desesperada pero nadie puede frenar
el avance de este peón.} Kd7 22. h5 Nh8 {
Triste necesidad. Las otras retiradas tampoco aguantaban la posición.} (22...
Nf8 23. Qf4 Ke8 24. Qf6 $18) (22... Ne7 23. Qf4 Rf8 (23... Nf5 24. g4 $18) 24.
Bxe7 Kxe7 25. Qf6+ Kd7 (25... Ke8 26. h6 $18) 26. Ng5 $1 Qc5 27. Nh7 $18) 23.
Bf6 $18 {A partir de aquí las negras juegan con pieza de menos. Lo cierto es
que técnicamente la partida ya está ganada y intenté no precipitarme para
ganar la partida lo que explica que en algunos momentos quizás no eligiera la
jugada más fuerte sino que preferí mejorar poco a poco la posición.} Qc5 24.
Nd4 Ba6 25. f3 (25. Rd1 {Era más fuerte.} Qxa3 26. Qh6 Qf8 27. Qxf8 Rxf8 28.
Ra1 $18) 25... Rc8 26. Qf4 Kc7 27. g4 Kb8 28. Kg2 Qf8 29. Kg3 {
Las negras no pueden moverse y no se puede evitar el plan Qg5-g7.} Rc4 30. Rd1
Bc8 31. Qg5 Qxa3 {Último intento desesperado pero en realida el sacrificio de
pieza es muy inofensivo.} 32. Bxh8 Rxd4 33. Rxd4 b5 34. Bf6 Qb2 35. Be7 Kb7 36.
Bd6 Qb1 37. Qe3 1-0

[Event "28 Open Vicente Bonil"]
[Site "Albox"]
[Date "2004.11.21"]
[Round "5"]
[White "Strikovic, Aleksa"]
[Black "Lazarev, Vladimir"]
[Result "0-1"]
[WhiteElo "2470"]
[BlackElo "2516"]
[Annotator "Moskalenko, V"]
[PlyCount "68"]
[EventDate "2004.??.??"]
[EventType "rapid"]
[Source "EDAMI"]
[SourceDate "2006.12.20"]

1. e4 c5 2. Nf3 Nc6 3. d3 g6 4. g3 Bg7 5. Bg2 d6 6. O-O e5 7. c3 Nge7 8. a3 O-O
9. b4 a6 {Diagrama #} 10. bxc5 $5 {Parece ser una novedad teórica. A partir de
aquí GM Strikovic muestra un plan innovador.} ({Según de la teoría moderna de
esta línea, las negras no tardan en conseguir un buen contrajuego. Por ejemplo:
} 10. Be3 cxb4 (10... b6 $5 11. Nbd2 h6 $132 {/\Be6,f5...}) 11. axb4 d5 12. b5
Nb8 13. Bc5 Re8 14. Nbd2 h6 15. Re1 Be6 16. exd5 Nxd5 17. c4 Nf6 18. Bb4 (18.
Nxe5 $5) 18... Nbd7 19. bxa6 Rxa6 20. Rxa6 bxa6 21. Qa4 Bf5 22. Qa3 Qc8 23. Nh4
Be6 24. Ra1 g5 25. Nhf3 Bf5 26. Ne1 e4 27. Qxa6 (27. d4 $5) 27... exd3 28. Qxc8
Rxc8 29. Ra8 Rxa8 30. Bxa8 Bf8 31. Bxf8 Kxf8 32. Bg2 Ke7 33. Bf1 Nc5 34. f3
Nfd7 35. Kf2 Ne5 36. Ke3 Kd6 37. h3 Be6 38. Nxd3 {
1/2-1/2 Polgar,Z-Renet,O/Brest 1987}) 10... dxc5 11. c4 $1 {
Planeando el salto del caballo Nc3-Nd5.} f5 $5 {
Las negras buscan un contrajuego activo.} ({Otra posibilidad era} 11... Bg4 $5
{y luego Nd4}) 12. Nc3 f4 13. Nd5 h6 14. Rb1 g5 15. h3 Rb8 16. Bb2 Be6 17. Nh2
Nd4 (17... b5 $5) 18. Nf3 $6 {Las blancas no encuentran nada más efectivo.} (
18. Bxd4 $5 cxd4 19. a4 $132) 18... Nxf3+ 19. Qxf3 Nc6 (19... fxg3 $5 20. Qxg3
Ng6 $15) 20. Qd1 Qd7 21. Kh2 {Diagrama #} Nd4 $2 {
Es un error estratégico. Esta jugada facilita jugar a las blancas.} ({
La continuación más lógica y también la más fuerte es} 21... b5 $5 {
y las negras controlan todo el tablero.}) 22. Bxd4 $1 {
La lucha comienza de nuevo.} exd4 23. Rb6 $1 Be5 24. Qh5 (24. gxf4 $5 Bxf4+ 25.
Nxf4 Rxf4 26. e5 Kg7 27. Qh5 $36) 24... Kg7 25. h4 $2 {Se acercan los apuros
de tiempo y numerosos errores. Pero el juego se hace  más atractivo. No es por
eso que hay tantos seguidores de partidas rápidas!} (25. gxf4 $5 Bxf4+ 26. Kg1
$16) 25... fxg3+ 26. fxg3 Rxf1 27. Bxf1 Rh8 {Diagrama #} 28. Kg2 $2 {El juego e
mpieza a parecer una partida del pin-pong! La posición cambia después de cada
movimiento.} (28. Bh3 $1 Bxh3 $2 (28... Qf7 29. Qxf7+ Bxf7 30. h5 $1 $16) 29.
Qg6+ Kf8 30. Rf6+ $18) 28... Bf7 29. Qd1 $2 ({Es mejor} 29. Qf3) 29... Rg8 $2 (
29... gxh4 $17) 30. Qf3 $2 (30. hxg5 $5 hxg5 31. Be2 $132) 30... Qd8 $4 (30...
gxh4 $17) 31. Kh3 $4 {El último error en esta partida.} (31. Rxb7 $18) 31...
Bxd5 $19 32. Rg6+ {Un recurso táctico que no cambia mucho la situación.} (32.
exd5 Qxb6) 32... Kxg6 33. Qf5+ Kg7 34. Qxe5+ Qf6 {Y las blancas abandonaron. 
En casi cada ronda muchas partidas terminaban de esta manera. Son los efectos
negativos del ritmo con poco tiempo en el reloj, que baja la calidad, pero
siempre deja contentos a los observadores!} 0-1

[Event "36th Olympiad"]
[Site "Calvia ESP"]
[Date "2004.10.25"]
[Round "?"]
[White "Bologan, Viktor"]
[Black "Macieja, Bartlomiej"]
[Result "1-0"]
[WhiteElo "2669"]
[BlackElo "2613"]
[Annotator "Bologan, V"]
[PlyCount "53"]
[EventDate "2004.10.15"]
[Source "EDAMI"]
[SourceDate "2006.12.20"]

1. e4 e5 2. Nf3 Nf6 3. Nxe5 d6 4. Nf3 Nxe4 5. d4 d5 6. Bd3 Nc6 7. O-O Be7 8.
Re1 Bf5 {Sabía exactamente lo que debía esperar de  Bartek en la apertura,
especialmente teniendo en cuenta que yo mismo había jugado algunas veces la
mucho más complicada linea con} (8... Bg4) 9. c4 O-O 10. cxd5 Qxd5 11. Nc3 Nxc3
12. bxc3 Bxd3 13. Qxd3 {La posición alcanzada es crítica para esta  línea. Las
blancas no pretenden demasiado, pero si consiguen doblar torres en la columna
"e" y jugar c4 su ventaja será considerable.} b5 $6 {Esto ya fue jugado por
Radulov en 1983. Pero permite al blanco desarrollar una peligrosa iniciativa
de modo forzado. Tal vez las negras deban variar con} (13... Rae8) 14. Bf4 Bd6
(14... b4 15. c4 Qd7 16. Rad1 $14) 15. Ng5 $1 {Típico en estas posiciones.} g6
16. Ne4 $5 ({Novedad.} 16. Qh3 h5 17. Ne4 Kg7 18. Qe3 Rfe8 19. Bh6+ Kh8 20. Bg5
Bf8 21. Bf6+ Kg8 22. Qf3 Bg7 23. Bxg7 Kxg7 24. Qf6+ Kg8 25. Qxg6+ $1 {
Abramovic, B-Radulov, I. Vrnjacka Banja 1983, aunque curiosamente, la partida
terminó en tablas.}) 16... f5 (16... Kg7 17. Qg3 Bxf4 18. Qxf4 Qd8 19. Re3 $16)
17. Nxd6 cxd6 18. Qg3 $16 {Además de la presión sobre el peón "d6" las blancas
también buscan un ataque directo al rey negro con el avance del peón "h".} Rfe8
{Intentando resolver los problemas con medios tácticos.} (18... Rfd8 19. h4 Kg7
20. h5) (18... Rad8 19. h4 Kf7 20. h5) 19. Bxd6 Qxa2 20. h4 Qd5 {
Mucho más fuerte era} (20... Rxe1+ $5 21. Rxe1 Qd2 {para molestar un poco} 22.
Re3 (22. Re6 Kf7 (22... Qd1+ 23. Kh2 Kf7 24. Bc5 Kxe6 25. Qd6+ Kf7 26. Qxc6 $18
) 23. Re3 Qd1+ 24. Kh2 Qg4) 22... Qd1+ 23. Kh2 $16) 21. h5 f4 (21... Kf7 22.
Rxe8 Rxe8 23. Bc5) 22. Bxf4 Qxh5 23. Bg5 $1 {Apartando la dama negra del juego.
Tras esta jugada ya estaba seguro del resultado final, aunque también era
consciente de que todavía sería necesario precisar en los cálculos.} h6 {
Única, pues si} (23... a6 24. d5 Rxe1+ 25. Rxe1 Na5 26. d6) 24. Bf6 Rxe1+ 25.
Rxe1 Rf8 (25... Qf5 26. Qd6 Rf8 27. Re6) 26. Qd6 Qf5 27. Re6 1-0

[Event "Moscow Aeroflot op"]
[Site "Moscow"]
[Date "2004.02.23"]
[Round "7"]
[White "Volokitin, Andrei"]
[Black "Carlsen, Magnus"]
[Result "1-0"]
[WhiteElo "2594"]
[BlackElo "2484"]
[Annotator "Martin, A"]
[PlyCount "55"]
[EventDate "2004.02.17"]
[EventType "swiss"]
[EventRounds "9"]
[EventCountry "RUS"]
[Source "EDAMI"]
[SourceDate "2006.12.20"]

1. e4 c5 2. Nf3 d6 3. d4 cxd4 4. Nxd4 Nf6 5. Nc3 a6 6. Bc4 b5 7. Bb3 e6 8. Qf3
Qc7 9. g4 ({Una continuación agresiva, típica de Volokitin, aunque
objetivamente más débil que la habitual} 9. O-O) 9... b4 10. g5 Nfd7 (10...
bxc3 $5 11. gxf6 Nd7 {merece asimismo consideración.}) 11. Na4 Nc6 12. Be3 Na5
13. O-O-O $6 {Las blancas juegan del modo más agudo, pero este enroque resulta
peligroso. Era más prudente} (13. O-O {
aunque las negras están bien tras la simple} Bb7) 13... Bb7 14. Bd2 Nxb3+ ({
También era fuerte} 14... d5) 15. Qxb3 Be7 $2 ({Mucho mejor era} 15... e5 $1 {
y si} 16. Ne2 (16. g6 hxg6 17. Ne6 fxe6 18. Qxe6+ Be7 19. Qxg6+ Kd8 20. Bxb4 {
aunque la compensación por la pieza dificilmente será suficiente.}) 16... Bxe4
{con clara ventaja. Posiblemente las blancas deberían optar por complicar las
cosas con}) 16. Bxb4 Bxe4 $6 ({
Ahora esta captura lleva a las negras a una posición difícil. Era mejor} 16...
Bxg5+ 17. Kb1 Be7 18. Rhg1 O-O {con una posición aceptable.}) 17. Rhe1 $1 {
A cambio de un peón las blancas han puesto todas sus piezas en juego y crean
ya amenazas muy peligrosas.} Bd5 ({La alternativa} 17... Bxg5+ 18. Kb1 {
tampoco resuelve los problemas de las negras, por ejemplo:} d5 (18... Bg6 19.
Bxd6 $16) 19. Nxe6 fxe6 20. Rxe4 {con amenazas decisivas.}) ({
La mejor defensa era} 17... Bg6 {aunque tras} 18. Nxe6 (18. f4 $5 {
es también una continuación prometedora.}) 18... fxe6 19. Rxe6 Rc8 20. Rd2 Nf8
21. Re1 {las blancas tienen compensación por la pieza, pero la lucha todavía
es incierta.} Bf7 22. Qe3 Ne6) 18. Qg3 O-O ({Tampoco es suficiente} 18... Rb8
19. Ba3 g6 20. Nc3 {
y la amenaza del sacrificio en e6 resulta dificil de evitar.}) 19. Nf5 $1 exf5
20. Rxe7 Qc4 (20... Rfc8 21. Nc3 Be6 22. Qxd6 {
es claramente malo para el negro.}) 21. Qxd6 Be6 ({O} 21... Bc6 22. b3 Qb5 23.
c4 Qb7 24. Bc3 {con la amenaza Qd4.}) 22. b3 Qh4 23. Rxe6 fxe6 24. Qxe6+ Kh8 (
24... Rf7 25. Rxd7) 25. Be7 $1 {Tras esto el caballo en d7 no tiene salvación,
aunque también era buena la sencilla.} (25. Bxf8 Qxg5+ 26. Qe3 Qxe3+ 27. fxe3
Nxf8 28. Nc5 {con gran ventaja.}) 25... Qxf2 (25... Qf4+ 26. Kb1 Ne5 27. Bxf8
Rxf8 28. Qd6 {es también desesperado para las negras.}) 26. Qxd7 Rfe8 27. Bc5
Qh4 28. Qxf5 1-0

[Event "5th IECC"]
[Site "Antalya TUR"]
[Date "2004.05.24"]
[Round "9"]
[White "Radjabov, Teimour"]
[Black "Naiditsch, Arkadij"]
[Result "1/2-1/2"]
[WhiteElo "2670"]
[BlackElo "2571"]
[Annotator "Ubilava, E"]
[PlyCount "132"]
[EventDate "2004.05.15"]
[Source "EDAMI"]
[SourceDate "2006.12.20"]

{El destino de esta partida varias veces ha pasado de mano, es decir hubo
momentos en que ambos contrincantes podían terminar la lucha a su favor.
Primero, el gran maestro azerí casi se "atraganta" con su sacrificio erróneo
de alfil en la apertura, pero Naiditsch le permite crear un ataque que debería
terminar con la victoria de las blancas. Sin embargo, una mala decisión otorga
otra vez la ventaja al jugador alemán, quien a su vez también se equivoca y
finalmente tiene que  salvarse en un final de torre contra caballo y tres
peones.} 1. e4 c5 2. Nf3 d6 3. d4 cxd4 4. Nxd4 Nf6 5. Nc3 a6 6. Bc4 e6 7. Bb3
b5 8. Qf3 Qb6 9. Be3 Qb7 10. O-O-O {Es una jugada que a mí también me atrae,
ya que crea una superioridad en el desarrollo bastante peligrosa para las
negras.} Nbd7 11. Rhe1 Nc5 {diagrama.} 12. Bd5 $2 {Una decisión demasiado
atrevida y analíticamente errónea, que probablemente sea consecuencia de un
mal cálculo. Me parece interesante} (12. Bg5) 12... exd5 13. Nxd5 ({
Tengo la duda de que tal vez Teimour quisiera tomar en d5 con el peón} 13. exd5
{pero descubrió que después de} Bg4 14. Bg5+ Kd7 $1 (14... Ne6 15. Qf4 b4 16.
Na4 Bxd1 17. dxe6 {con compensación}) (14... Be7 15. Qf4 Bxd1 16. Nf5 {
otorga a las blancas gran iniciativa}) 15. Qf4 Bxd1 16. Bxf6 gxf6 17. Kxd1 Kc7
18. Qxf6 b4 19. Nce2 Ne4 $1 {las blancas no pueden tomar la torre en h8 por el
jaque en f2, seguido del jaque con Bh6, ganando la dama en h8.}) 13... Nfd7 ({
En caso de} 13... Nfxe4 {las blancas deben reaccionar con} 14. Nc6 $5 ({
no funciona} 14. Nb3 Nxb3+ 15. axb3 f5 16. Bb6 Be7 17. Rxe4 fxe4 18. Qxe4 Kf7
19. Qf4+ Bf6 20. Nxf6 gxf6 21. Rxd6 Qe7 {con ventaja decisiva}) 14... Qxc6 ({
no vale} 14... Be6 15. Na5 Qb8 {por} 16. b4 $1) 15. Bxc5 Qxc5 16. Qxe4+ Be6 17.
Nc7+ Qxc7 18. Qxa8+ Kd7 19. Qxa6 Qc6 20. Qa7+ Kc8 21. Re3 b4 22. a3 {
y la posición del rey negro queda  peligrosamente abierta.}) 14. Nb3 ({
La refutación de la variante} 14. Nf5 {se produce con la secuencia} Ne5 15. Qg3
Bxf5 16. exf5 Ncd3+ $1 17. cxd3 Qxd5) 14... Ne5 15. Qg3 f6 $2 {
Las negras devuelven el favor a su rival. Había que seguir con} (15... Nxb3+ $1
16. axb3 Be6 17. f4 Nd7 18. Bd4 f6 19. Bc3 {
donde las blancas tienen muy poca compensación por su pieza.}) 16. Na5 $1 Qf7
17. Bxc5 dxc5 18. f4 Ng6 {diagrama.} 19. e5 $1 fxe5 20. f5 Bxf5 {diagrama.} 21.
Rxe5+ $1 {Un sacrificio típico que da ventaja clara a las blancas.} Nxe5 22.
Qxe5+ Be7 23. Rf1 $2 {Otra vez un mal cálculo. La jugada correcta es} (23. Nc6
$1 Bg4 ({Surge un final con mucha ventaja para las blancas en la variante} 
23... O-O 24. Ncxe7+ Kh8 25. Rf1 Qe6 26. Rxf5 Qxe5 27. Rxe5 Rf1+ 28. Kd2) 24.
Ncxe7 Kf8 25. Qd6 h5 26. Ng6+ Kg8 27. Ne5 {con múltiples amenazas.}) 23... Rd8
$1 24. Rxf5 ({pierde} 24. Nc7+ Kf8 25. Rxf5 {por} Bg5+ $1 {y ganan negras.})
24... Qxd5 25. Qxd5 Rxd5 26. Rxd5 O-O {
Otra vez la ventaja pertenece al gran maestro alemán.} 27. Nc6 ({
Tambien era posible entrar en la dinámica de la siguiente continuación.} 27. c4
Rf2 28. Nc6 Bf6 29. cxb5 axb5 30. Rxc5 Bxb2+ 31. Kb1 Rxg2 32. Rxb5 Bf6 33. a4)
27... Rf1+ 28. Kd2 Bf6 29. Ke3 c4 (29... Bxb2 30. Rxc5 Ra1 31. Nb4 {
no parece muy grave para las blancas.}) 30. b3 cxb3 ({
Las negras no lograban ventaja sustancial en caso de} 30... Rc1 31. bxc4 Rxc2 (
{si} 31... bxc4 {la defensa sería} 32. Nb4 Bc3 33. a3 Bxb4 34. axb4 Rxc2 35.
Rd2 $1 Rc1 36. Kd4 {con igualdad cercana.}) 32. cxb5 axb5 33. Nb4 Rxg2 34. Rxb5
Rxh2 35. a4 {y el peón "a" puede llegar lejos.}) 31. axb3 Rc1 32. Rc5 Kf7 33.
Nb4 a5 34. Nd3 {La situación ha cambiado nuevamente. Ahora, debido a las
debilidades de los peones negras en el flanco de dama, las blancas otra vez
consiguen ventaja.} Rg1 35. Kf3 Rf1+ 36. Ke2 Rg1 37. Kf3 Rf1+ 38. Kg3 a4 39.
Rxb5 a3 40. Ra5 Be7 41. b4 Bd6+ 42. Kg4 Ra1 43. h3 ({La jugada} 43. g3 {
me parece mucho mas útil, porque el rey blanco tendría más espacio para sus
movimientos.}) ({no vale} 43. c4 {por} a2 44. c5 Bxh2 45. Nf2 Rb1) 43... a2 44.
Ra6 g6 45. Ra7+ Kf6 46. Ra6 h5+ $6 ({Era mucho más simple seguir con} 46... Kf7
{porque no funciona} 47. Kg5 {por} Rf1 48. Rxa2 Rf5+ 49. Kg4 h5+ 50. Kh4 Be7+
51. Kg3 Bd6+ {con tablas.}) 47. Kh4 Ke7 ({
Las blancas mantienen un peón de ventaja después de} 47... Kf5 48. g4+ hxg4 49.
hxg4+ Ke6 50. Kg5 Rg1 51. Rxa2 Be7+ 52. Kf4 Bd6+ 53. Kf3 Rg3+ 54. Ke2 Rxg4 55.
b5 {aunque no creo que puedan realizar su ventaja material.}) 48. Kg5 Kf7 49.
Rxd6 $5 ({Radjabov prueba su única posibilidad. Es inútil} 49. Nc5 Rg1 50. Rxa2
Rxg2+ 51. Kh6 Bf8+ 52. Kh7 Bxc5 53. bxc5 Rh2 {y tablas.}) 49... Re1 50. Rf6+
Ke7 51. Ra6 a1=Q 52. Rxa1 Rxa1 53. Kxg6 Ra2 54. Kxh5 Rxc2 55. g4 Rc3 56. Nf4
Rc4 57. Kg5 Kf7 58. Nd3 ({Es un poco mejor} 58. Kf5 Rxb4 59. g5 Kg7 60. h4 Rb5+
61. Kg4 Kh7 62. h5 {pero las negras deben conseguir las tablas.}) 58... Rc3 59.
Ne5+ Ke6 60. Ng6 Rb3 61. h4 Rxb4 62. h5 Kf7 63. Nh4 Kg7 64. Nf5+ Kh7 65. h6 Rb1
66. Kh5 Rh1+ 1/2-1/2